| 000 | 00934nam a2200241 u 4500 | ||
|---|---|---|---|
| 001 | 000554777 | ||
| 003 | AM-YeHGA | ||
| 005 | 20250618073158.0 | ||
| 008 | 071024s2007 ai r 000 0 arm d | ||
| 020 | _a9789994113590 | ||
| 040 | _aAM-YeHGA | ||
| 041 | 0 | _aarm | |
| 100 | 1 | _aՄկրտչյան, Սոկրատ | |
| 245 | 1 | 0 |
_aՄաթեմատիկա 1 : _bՈւսուցչի մեթոդական ձեռնարկ / _cՍ. Մկրտչյան , Ա. Աբրահամյան , Ս. Իսկանդարյան. |
| 246 | 1 | 4 |
_aՄաթեմատիկա _bՈւսուցչի մեթոդական ձեռնարկ |
| 260 |
_aԵրևան : _bԶանգակ 97, _c2007. |
||
| 300 |
_a64 էջ : _bնկ. ; _c20 սմ. |
||
| 504 | _aՄատենագիտ.՝ 61 էջ | ||
| 650 | 1 | 4 |
_aՄաթեմատիկա _vՄեթոդական ձեռնարկ |
| 700 | 1 | _aԻսկանդարյան ,Սուրեն | |
| 700 | 1 |
_aԱբրահամյան, Արամ Վերդիի, _d1933- _93043 |
|
| 090 | _c215982 | ||
| 999 |
_c214466 _d214466 |
||